| 000 | 00502nam a2200181Ia 4500 | ||
|---|---|---|---|
| 001 | 55504 | ||
| 008 | 140506s9999 xx 000 0 und d | ||
| 020 | _aNA | ||
| 040 | _cPK-LaUMT | ||
| 082 |
_aMAL 160 _bREA- |
||
| 100 | _aKetner, Kenneth Laine | ||
| 245 |
_aReasoning and the logic of things _bthe Cambridge conferences lectures of 1898 _cKetner, Kenneth Laine |
||
| 260 |
_aCambridge,USA: _bHarvard University Press, _c1992 |
||
| 300 | _a297 p. | ||
| 546 | _aEN | ||
| 650 | _aLogic | ||
| 942 | _cBK | ||
| 999 |
_c52842 _d52842 |
||